000 00485nam a2200181Ia 4500
005 20250508161619.0
008 008 250505s9999 xx 000 0 eng d
037 _aTextual
040 _aFEDL
_beng
_cFEDL
041 _aeng
_2eng
084 _a401, KAT
_qFEDL
100 _aKatz Jerrold J
245 0 _aPhilosophy of language
260 _aNew York, USA
_bHarper and Row Publisher
_c1966
300 _a326p.
942 _cTEXL
_h401, KAT
999 _c1371129
_d1371129